| 000 | 00815nas a2200277 4500 | ||
|---|---|---|---|
| 001 | BR0104345 | ||
| 003 | BR-BrBNA | ||
| 005 | 20231205102628.0 | ||
| 007 | ta | ||
| 008 | 230509b bl.|||p| |||| 00| 00por d | ||
| 040 |
_aBR-BrBNA _bpor _cBiblioteca Nacional de Agricultura |
||
| 041 | _a(En) | ||
| 072 | _aH20 | ||
| 100 | 1 | _aFreitas, L.G. | |
| 100 | 1 | _aMitchell, D.J. | |
| 100 | 1 | _aDickson, D.W. | |
| 100 | 1 | _aChellemi, D.O. | |
| 245 | 1 | _aSoil solarization and organic amendment effects on Pasteuria penetrans | |
| 650 | _aREPOLHO | ||
| 650 | _aBACTÉRIA | ||
| 650 | _aCONTROLE BIOLÓGICO | ||
| 650 | _aMATÉRIA ORGÂNICA | ||
| 773 | 0 |
_tNematologia Brasileira (Brazil) _xISSN 0102-2997 _g(Dec 2000), v. 24(2) p. 133-146 _wBR0104345 |
|
| 909 |
_a202311 _bLúcia _c55 _dLúcia Elande |
||
| 942 |
_2AGRIS _n0 _cANA |
||
| 999 |
_c168530 _d168530 |
||